| 000 | 00960nam a22002057a 4500 | ||
|---|---|---|---|
| 008 | 110823t ua||||| |||| 00| 0 ara d | ||
| 082 |
_222 _a355.03 _bص و ي |
||
| 100 | 1 |
_926855 _aالصويغ ، عبد العزيز حسين |
|
| 245 |
_aالأمن القومى العربى : _bرؤية مستقبلية / _cعبد العزيز حسين الصويغ |
||
| 260 |
_aالقاهرة : _bأوراق ، _c[1991]. |
||
| 300 |
_a245 ص : _bصور؛ _c24 سم. |
||
| 504 | _aيشتمل على إرجاعات ببليوجرافية 242 - 243 | ||
| 650 | 0 |
_917704 _aالأمن القومي |
|
| 650 | 0 |
_917296 _aالوحدة العربية |
|
| 650 | 0 |
_913384 _aالقومية العربية |
|
| 650 | 0 |
_926857 _aالدول العربية _xالأمن القومي |
|
| 653 |
_bGeneral _cAugust2011 |
||
| 942 |
_2ddc _cBB |
||
| 999 |
_c15896 _d15896 |
||